Movies Quiz

Random Movies or Grab Bag Quiz

Match 'Em Up Blitz - Movies Quiz Stats

 Plays Quiz Updated Dec 19, 2018

Score 0/40 Timer 08:00
7 Plays Today
% Correct
MOVIE
99.8%
OPENING LINES
99.8%
LINE
99.8%
MOVIE
80.2%
MOVIE
79.8%
CHARACTER
79.7%
CHARACTERS
79.5%
OPENING LINES COMPLETE
79.4%
CHARACTERS UNLOCKED
79.3%
SETTING
79.2%
SETTINGS
79.1%
CHARACTERS COMPLETE
79.1%
SETTINGS UNLOCKED
79.1%
MOVIE
78.7%
DIRECTOR
78.2%
DIRECTORS
77.9%
SETTINGS COMPLETE
77.9%
DIRECTORS UNLOCKED
77.8%
DIRECTORS COMPLETE
77.3%
__
77.3%
% Correct
AND __
77.3%
__ AND __
77.3%
__ AND __ UNLOCKED
77.3%
OSCARS
75.4%
BEST PICTURE WINNER
75.3%
NOMINATED SAME YEAR
75.3%
OSCARS UNLOCKED
75.2%
__ AND __ COMPLETE
75.2%
MOVIE
61.7%
CLUE
60.8%
IN A WORD
60.8%
OSCARS COMPLETE
60.7%
IN A WORD UNLOCKED
60.7%
MOVIE
48.3%
LINE
47.9%
CLOSING LINES
47.6%
IN A WORD COMPLETE
47.2%
CLOSING LINES UNLOCKED
47.2%
CLOSING LINES COMPLETE
21.6%
WELL DONE
21.5%

You're not logged in!

Compare scores with friends on all Sporcle quizzes.
OR
Log In

Show Comments

Extras

Top Quizzes Today


Score Distribution

Your Account Isn't Verified!

In order to create a playlist on Sporcle, you need to verify the email address you used during registration. Go to your Sporcle Settings to finish the process.

Report this User

Report this user for behavior that violates our Community Guidelines.

Details: